Ceny převážně klesaly. Loňský vývoj na hlavních komoditních trzích.
Vplyv politického a hospodárskeho vývoja v bývalom ZSSR na celkovú aktivitu svetového trhu, čo sa prejavovalo v r. 1992 na jeho dovozoch a vývozoch, ktorých výška vplýva na vývoj svetových cien mnohých komodít. Pokles cien drahých kovov. Výraznejší vzostup v prípade medi. Cena ropy sa nezvýšila ani...
Gespeichert in:
| 1. Verfasser: | |
|---|---|
| Format: | Buchkapitel |
| Sprache: | Tschechisch |
| Schlagworte: | |
| Tags: |
Keine Tags, Fügen Sie das erste Tag hinzu!
|
MARC
| LEADER | 00000naa a2200000 4500 | ||
|---|---|---|---|
| 001 | r013408 | ||
| 005 | 20221205075911.0 | ||
| 041 | 0 | |a cze | |
| 044 | |a SK | ||
| 245 | 1 | 0 | |a Ceny převážně klesaly. |b Loňský vývoj na hlavních komoditních trzích. |c D. Truncová |
| 520 | |a Vplyv politického a hospodárskeho vývoja v bývalom ZSSR na celkovú aktivitu svetového trhu, čo sa prejavovalo v r. 1992 na jeho dovozoch a vývozoch, ktorých výška vplýva na vývoj svetových cien mnohých komodít. Pokles cien drahých kovov. Výraznejší vzostup v prípade medi. Cena ropy sa nezvýšila ani v zime. Vývoj cien kávy. | ||
| 610 | 2 | 0 | |a trh svetový |
| 610 | 2 | 0 | |a rozvoj hospodársky |
| 610 | 2 | 0 | |a dovoz |
| 610 | 2 | 0 | |a vývoz |
| 610 | 2 | 0 | |a 1992 |
| 610 | 2 | 0 | |a ceny svetové |
| 610 | 2 | 0 | |a komodity |
| 610 | 2 | 0 | |a kovy drahé |
| 610 | 2 | 0 | |a meď |
| 610 | 2 | 0 | |a ropa |
| 610 | 2 | 0 | |a káva |
| 100 | 1 | |a Truncová, D. | |